01817cam a2200337 a 450000100100000000500170001000800410002702000150006803500230008304000300010608200200013624502140015626000790037030000280044949000280047750400330050550002870053865000420082565000520086765100380091970000440095770000350100170000260103671000770106271101240113983000380126391000340130104900090133595201180134499900170146200001444920200929163843.0020317s2001 mx a b 000 0 spa d a9706690395 a(NcChMN)MN207BC005 aDO-SdBNPbspacBNPHUdDLC a307.1721bP712g00aPlaneación y gestión urbana y metropolitana en México :buna revisión a la luz de la globalización /ccompilador Roberto García Ortega ; con el apoyo de Alfonso X. Iracheta Cenecorta, Emilio Duhau. aZinacantepec :bColegio de la Frontera Norte ;bColegio Mexiquense,c2001. a266 p. :bil. ;c23 cm.1 aColegio Mexiquensev172 aBibliografías: p. 261-262. aLos documentos resultantes del 1er Simposio sobre Planeación y Gestión Urbana y Metropolitana de la Ciudad de México, que fue organizado febrero 25-26, 1999 en Monterrey, México por el Norte, el Colegio de la Frontera, entre ellos algunos ampliada o documentos actualizados. 4aPlanificación del desarrollo932601 4aComunicación en planificación urbana932602 4aMonterrey (México{Rpara}9326031 aGarcía Ortega, Roberto,ecomp.9326041 aIracheta C., Alfonso X.9326051 aDuhau, Emilio.9326061 aColegio de la Frontera Norte (Tijuana, Baja California, México)9318031 aSimposio sobre Planeación y Gestión Urbana y Metropolitana en Méxicon(1st :d1999 :cMonterrey, México)932607 0aColegio Mexiquense ;v172.932608 aCatalogación por copia / LC aBNGR 001050718MOaGRbGRcCTd2009-12-15iLF1l0o307.1721 P712gp14449-10r2020-06-25w2020-06-25y1ZNo se presta c14038d14038